Footballeurs par lettre F - Statistiques

Statistiques générales
  • Ce quiz a été pris 186 fois
  • Le résultat moyen est 12 sur 18
Statistiques - réponses
Par images Réponse % Correct
Fernandes
97%
Figo
97%
Firmino
95%
Forlan
93%
Falcao
92%
Fati
92%
Ferdinand
89%
Fernandinho
86%
Fabregas
80%
Frimpong
79%
Fofana
75%
Florenzi
72%
Fred
65%
Flamini
40%
Foster
40%
Freuler
27%
Fraser
14%
Ferrer
1%
Aucun quiz correspondant
Distribution des résultats
% des personnes avec chaque résultat
Percentile par nombre de réponses
Votre historique - résultats
Vous n’avez pas pris ce quiz